ANCIENT INDIAN CULTURE/ (Record no. 206277)
[ view plain ]
| 000 -LEADER | |
|---|---|
| fixed length control field | 00544nam a22001937a 4500 |
| 005 - DATE AND TIME OF LATEST TRANSACTION | |
| control field | 20241010160847.0 |
| 010 ## - LCCN (DPL NO) | |
| LC control number | ENG-142089 |
| 020 ## - INTERNATIONAL STANDARD BOOK NUMBER | |
| International Standard Book Number | 9789393274038 |
| Terms of availability | 1500.00 |
| 035 ## - SYSTEM CONTROL NUMBER | |
| System control number | EN-125621 |
| 037 ## - SOURCE OF ACQUISITION | |
| Source of stock number/acquisition | DBAD |
| 082 04 - DEWEY DECIMAL CLASSIFICATION NUMBER | |
| Classification number | 954 |
| 100 ## - MAIN ENTRY--PERSONAL NAME | |
| Personal name | PANDEY ANURADHA |
| 245 10 - TITLE STATEMENT | |
| Title | ANCIENT INDIAN CULTURE/ |
| Remainder of title | ANURADHA PANDEY |
| 260 ## - PUBLICATION, DISTRIBUTION, ETC. (IMPRINT) | |
| Place of publication, distribution, etc | NEW DELHI |
| Name of publisher, distributor, etc | NISHA SCIENTIFIC |
| Date of publication, distribution, etc | 2022 |
| 270 ## - ADDRESS | |
| Address | 20/4637,ANSARI ROAD,DARYAGANJ |
| City | NEW DELHI |
| Postal code | 110002 |
| 300 ## - PHYSICAL DESCRIPTION | |
| Extent | 278 p. : |
| Other physical details | 23c.m(HB) |
| 700 1# - ADDED ENTRY--PERSONAL NAME | |
| 9 (RLIN) | 52394 |
| 942 ## - ADDED ENTRY ELEMENTS (KOHA) | |
| Source of classification or shelving scheme | Dewey Decimal Classification |
| Item type | English Books |
| Classification part | 954 |
| Call number suffix | PAN |
| Withdrawn status | Lost status | Not for loan | Collection code | Home library | Current library | Date acquired | Source of acquisition | Cost, normal purchase price | Full call number | Barcode | Copy number | Cost, replacement price | Koha item type |
|---|---|---|---|---|---|---|---|---|---|---|---|---|---|
| Non-fiction | Bawana | Bawana | 10/10/2024 | DBAD | 1500.00 | 954 PAN | EN-125621 | 1 | 1500.00 | English Books |
